<?xml version="1.0" encoding="UTF-8"?><marc:collection xmlns:marc="http://www.loc.gov/MARC21/slim">
  <marc:record>
    <marc:leader>00000nam##2200000za#4500</marc:leader>
    <marc:controlfield tag="001">9.623597</marc:controlfield>
    <marc:controlfield tag="003">CaOODSP</marc:controlfield>
    <marc:controlfield tag="005">20200706134904</marc:controlfield>
    <marc:controlfield tag="007">ta</marc:controlfield>
    <marc:controlfield tag="008">150406|1995||||xxc|||||     f|0| 0 fre|d</marc:controlfield>
    <marc:datafield tag="020" ind1=" " ind2=" ">
      <marc:subfield code="a">0-660-94639-4</marc:subfield>
    </marc:datafield>
    <marc:datafield tag="022" ind1=" " ind2=" ">
      <marc:subfield code="a">1200-5231</marc:subfield>
    </marc:datafield>
    <marc:datafield tag="040" ind1=" " ind2=" ">
      <marc:subfield code="a">CaOODSP</marc:subfield>
      <marc:subfield code="b">fre</marc:subfield>
    </marc:datafield>
    <marc:datafield tag="043" ind1=" " ind2=" ">
      <marc:subfield code="a">n-cn---</marc:subfield>
    </marc:datafield>
    <marc:datafield tag="086" ind1="1" ind2=" ">
      <marc:subfield code="a">CS11-0019/85F</marc:subfield>
    </marc:datafield>
    <marc:datafield tag="245" ind1="0" ind2="0">
      <marc:subfield code="a">Utilisation des technologies de pointe dans les établissements de fabrication / </marc:subfield>
      <marc:subfield code="c">par John R. Baldwin et Brent Diverty. </marc:subfield>
    </marc:datafield>
    <marc:datafield tag="260" ind1=" " ind2=" ">
      <marc:subfield code="a">Ottawa - Ontario : </marc:subfield>
      <marc:subfield code="b">Statistique Canada. </marc:subfield>
      <marc:subfield code="c">1995.</marc:subfield>
    </marc:datafield>
    <marc:datafield tag="300" ind1=" " ind2=" ">
      <marc:subfield code="a">34p. : </marc:subfield>
      <marc:subfield code="b">références, tableaux ; </marc:subfield>
      <marc:subfield code="c">28 cm.</marc:subfield>
    </marc:datafield>
    <marc:datafield tag="490" ind1="1" ind2=" ">
      <marc:subfield code="a">Documents de recherche</marc:subfield>
      <marc:subfield code="x">1200-5231</marc:subfield>
      <marc:subfield code="v">N° 85</marc:subfield>
    </marc:datafield>
    <marc:datafield tag="500" ind1=" " ind2=" ">
      <marc:subfield code="a">«Dans le présent document, nous nous sommes servis de micro-données sur l'utilisation des technologies dans les usines ainsi que d'une analyse multidimensionnelle afin d'étudier les caractéristiques et les activités des usines de fabrication liées le plus étroitement au recours à la technologie.»--Sommaire.</marc:subfield>
    </marc:datafield>
    <marc:datafield tag="520" ind1="3" ind2=" ">
      <marc:subfield code="a">Dans le présent document, nous nous sommes servis de micro-données sur l'utilisation des technologies dans les usines ainsi que d'une analyse multidimensionnelle afin d'étudier les caractéristiques et les activités des usines de fabrication liées le plus étroitement au recours à la technologie.--Sommaire</marc:subfield>
    </marc:datafield>
    <marc:datafield tag="563" ind1=" " ind2=" ">
      <marc:subfield code="a">Couverture souple</marc:subfield>
    </marc:datafield>
    <marc:datafield tag="590" ind1=" " ind2=" ">
      <marc:subfield code="a">95-50</marc:subfield>
      <marc:subfield code="b">1995-12-15</marc:subfield>
    </marc:datafield>
    <marc:datafield tag="691" ind1="0" ind2="7">
      <marc:subfield code="a">Industrie de transformation</marc:subfield>
      <marc:subfield code="2">gcpds</marc:subfield>
    </marc:datafield>
    <marc:datafield tag="691" ind1="0" ind2="7">
      <marc:subfield code="a">Innovation technologique</marc:subfield>
      <marc:subfield code="2">gcpds</marc:subfield>
    </marc:datafield>
    <marc:datafield tag="710" ind1="2" ind2=" ">
      <marc:subfield code="a">Statistique Canada. </marc:subfield>
      <marc:subfield code="b">Direction des études analytiques.</marc:subfield>
    </marc:datafield>
    <marc:datafield tag="720" ind1="1" ind2=" ">
      <marc:subfield code="a">Baldwin, John R.</marc:subfield>
    </marc:datafield>
    <marc:datafield tag="720" ind1="1" ind2=" ">
      <marc:subfield code="a">Diverty, Brent</marc:subfield>
    </marc:datafield>
    <marc:datafield tag="775" ind1="0" ind2="8">
      <marc:subfield code="t">Advanced technology use in Canadian manufacturing establishments / </marc:subfield>
      <marc:subfield code="w">(CaOODSP)9.612695</marc:subfield>
    </marc:datafield>
    <marc:datafield tag="776" ind1="0" ind2="#">
      <marc:subfield code="t">Utilisation des technologies de pointe dans les établissements de fabrication / </marc:subfield>
      <marc:subfield code="w">(CaOODSP)9.604323</marc:subfield>
    </marc:datafield>
    <marc:datafield tag="830" ind1="#" ind2="0">
      <marc:subfield code="a">Documents de recherche,</marc:subfield>
      <marc:subfield code="x">1200-5231</marc:subfield>
      <marc:subfield code="v">N° 85</marc:subfield>
      <marc:subfield code="w">(CaOODSP)9.512877</marc:subfield>
    </marc:datafield>
  </marc:record>
</marc:collection>
